One piece, personnages d'Alabasta - Statistiques

Statistiques générales
  • Ce quiz a été pris 171 fois
    57 depuis la dernière actualisation
  • Le résultat moyen est 24 sur 49
Statistiques - réponses
Réponse % Correct
Luffy
95%
Nami
95%
Zoro
95%
Chopper
93%
Robin
93%
Sanji
93%
Crocodile
91%
Nefertari Vivi
91%
Usopp
91%
Mr 2
84%
Mr 3
84%
Mr 1
81%
Mr 4
81%
Nefertari Cobra
81%
Pell
74%
Ace
67%
Miss Doublefinger
67%
Mr 7
67%
Miss Merry Christmas
65%
Igaram
63%
Koza
63%
Kaloo
60%
Chaka
58%
Smoker
58%
Tashigi
56%
Toto
47%
Miss Fathers-Day
37%
Hina
33%
Lassou
33%
Long-cils
30%
Terracotta
26%
Fullbody
23%
Jango
23%
Cow-boy
19%
Arrow
14%
Barrel
14%
Bourbon Jr
14%
Brahm
14%
Hikoichi
14%
Hyota
14%
Pincemi
14%
Stomp
14%
Iwan X
12%
Kentauros
12%
Erick
9%
Farafra
9%
Banchi
7%
Kebi
7%
Maidy
7%
Aucun quiz correspondant
Distribution des résultats
% des personnes avec chaque résultat
Percentile par nombre de réponses
Votre historique - résultats
Vous n’avez pas pris ce quiz depuis la dernière actualisation